Java EE project using EJB3, JPA and struts 2 for beginners (Record no. 184884)

MARC details
000 -LEADER
fixed length control field 00415nam a2200145Ia 4500
005 - DATE AND TIME OF LATEST TRANSACTION
control field 20250320093753.0
008 - FIXED-LENGTH DATA ELEMENTS--GENERAL INFORMATION
fixed length control field 231217s9999 xx 000 0 und d
020 ## - INTERNATIONAL STANDARD BOOK NUMBER
International Standard Book Number 9788184048063
082 ## - DEWEY DECIMAL CLASSIFICATION NUMBER
Classification number 001.6424JAV SHA;1 R
100 ## - MAIN ENTRY--PERSONAL NAME
Personal name Shah, Sharanam. Shah, Vaishali.
245 #0 - TITLE STATEMENT
Title Java EE project using EJB3, JPA and struts 2 for beginners
260 ## - PUBLICATION, DISTRIBUTION, ETC. (IMPRINT)
Date of publication, distribution, etc. 2009
Name of publisher, distributor, etc. Shroff
Place of publication, distribution, etc. Mumbai
300 ## - PHYSICAL DESCRIPTION
Extent Lvi, 1129+71
942 ## - ADDED ENTRY ELEMENTS (KOHA)
Koha item type Books
Holdings
Date last seen Total Checkouts Full call number Accession number Old discount Uniform Resource Identifier Cost, replacement price Price effective from Category Lost status Damaged status Department Withdrawn status bill no. bill date Permanent Location Current Location Shelving location Entry date Vendor Cost, normal purchase price Grants Currency symbol Conversion rate Discount Discount type
26/01/2024   001.6424JAV SHA;1 R 57686 25 digital/contents/59744.pdf 562.50 26/01/2024 Books     CS   11 17/10/2013 Central Library Central Library Central Library 23/12/2009 Sapna Book House 750.00 CS RS 1 187.5 Rupees
26/01/2024   001.6424JAV SHA;2 R1 59744 25 digital/contents/59744.pdf 487.50 26/01/2024 Books     CS   SBH/CRB/000076 03/09/2014 Central Library Central Library Central Library 18/06/2010 Sapna Book House 650.00 CS RS 1 162.5 Rupees

© For any Suggestions or Query, please contact the library staff @ librarian@pes.edu or Phone: +9180 2672 1983/ 2108.